000 00293nam a2200121Ia 4500
008 190216s9999||||xx |||||||||||||| ||und||
100 _aThunjathu Ezhuthachan
245 0 _aBheeshmaparvam
260 _b"House Of Knowledge, Trichur"
_c1967
300 _a86p
650 _aKavitha
942 _cBK
999 _c25747
_d25747